[Event "IECC Trio 669 email"]
[Site "IECC email"]
[Date "1999.01.13"]
[Round "?"]
[White "Jobe, Tom B"]
[Black "Saboe, Jon"]
[Result "1-0"]
[WhiteElo "1522"]
[BlackElo "1379"]
[PlyCount "67"]
[EventDate "1999.??.??"]
[EventType "tourn (corr)"]
[EventRounds "4"]
[SourceTitle "Corr 2008"]
[Source "ChessBase"]
[SourceDate "2008.06.24"]
[SourceVersion "1"]
[SourceVersionDate "2008.06.24"]
[SourceQuality "1"]

1. e4 c5 2. c3 Nf6 3. e5 Nd5 4. d4 e6 5. Nf3 cxd4 6. cxd4 Nc6 7. Nc3 Bb4 8. Bd2 Qa5 9. Ne4 Bxd2+ 10. Qxd2 0-0 11. Be2 Nf4 12. Qxa5 Nxa5 13. Bf1 b6 14. Nd6 Bb7 15. Nxb7 Nxb7 16. g3 Nd5 17. Bb5 Rad8 18. Rc1 d6 19. Bc6 Na5 20. Bxd5 exd5 21. 0-0 dxe5 22. Nxe5 f6 23. Nc6 Nxc6 24. Rxc6 Rfe8 25. Rfc1 Re4 26. Rc7 Rxd4 27. Rxa7 Rd2 28. Rcc7 Rd1+ 29. Kg2 Re1 30. Rxg7+ Kf8 31. Rxh7 Kg8 32. Rag7+ Kf8 33. h4 Re5 34. g4 1-0

[Event "IECC Trio 669 email"]
[Site "IECC email"]
[Date "1999.01.13"]
[Round "?"]
[White "Johnson, Bernard S"]
[Black "Saboe, Jon"]
[Result "0-1"]
[WhiteElo "1403"]
[BlackElo "1409"]
[PlyCount "42"]
[EventDate "1999.??.??"]
[EventType "tourn (corr)"]
[EventRounds "4"]
[SourceTitle "Corr 2008"]
[Source "ChessBase"]
[SourceDate "2008.06.24"]
[SourceVersion "1"]
[SourceVersionDate "2008.06.24"]
[SourceQuality "1"]

1. e4 c5 2. Nf3 d6 3. d4 cxd4 4. Nxd4 Nf6 5. Nc3 g6 6. Be3 Bg7 7. Qd2 Nc6 8. Nxc6 bxc6 9. 0-0-0 Be6 10. Ba6 Qc7 11. f3 Rb8 12. Qf2 c5 13. e5 Nd5 14. Rxd5 Bxd5 15. Nxd5 Qc6 16. Bc4 Bxe5 17. b4 cxb4 18. Qe2 e6 19. Nf4 Qa4 20. Re1 Qa3+ 21. Kd1 Qb2 0-1

[Event "IECC CL5-1998.23"]
[Site "IECC email"]
[Date "1998.10.22"]
[Round "?"]
[White "Saboe, Jon"]
[Black "MacDonald, Weldon"]
[Result "0-1"]
[WhiteElo "1426"]
[BlackElo "1560"]
[PlyCount "66"]
[EventDate "1998.??.??"]
[EventType "tourn (corr)"]
[EventRounds "4"]
[SourceTitle "Corr 2008"]
[Source "ChessBase"]
[SourceDate "2008.06.24"]
[SourceVersion "1"]
[SourceVersionDate "2008.06.24"]
[SourceQuality "1"]

1. d4 Nf6 2. Nf3 d5 3. e3 c5 4. c3 Nc6 5. Nbd2 Bg4 6. Qc2 e6 7. Bb5 Bd6 8. 0-0 0-0 9. Re1 Re8 10. c4 a6 11. Bxc6 bxc6 12. e4 dxe4 13. Nxe4 Bxf3 14. gxf3 cxd4 15. Bg5 Be7 16. Kh1 Nxe4 17. Bxe7 Nxf2+ 18. Qxf2 Rxe7 19. Re4 e5 20. Rg1 Qa5 21. Qh4 Re6 22. a3 Qd2 23. b4 Kh8 24. Qh3 Qc3 25. Qg3 Rg6 26. Qf2 Rxg1+ 27. Kxg1 Rd8 28. Rxe5 d3 29. Qe3 h6 30. Re8+ Rxe8 31. Qxe8+ Kh7 32. Qe4+ g6 33. Qf4 d2 0-1

[Event "IECC M email"]
[Site "IECC email"]
[Date "1998.09.02"]
[Round "?"]
[White "Saboe, Jon"]
[Black "Salinas, Santiago"]
[Result "0-1"]
[WhiteElo "1424"]
[BlackElo "1400"]
[PlyCount "158"]
[EventDate "1998.??.??"]
[EventType "tourn (corr)"]
[EventRounds "12"]
[SourceTitle "Corr 2008"]
[Source "ChessBase"]
[SourceDate "2008.06.24"]
[SourceVersion "1"]
[SourceVersionDate "2008.06.24"]
[SourceQuality "1"]

1. d4 d5 2. c4 Nf6 3. g3 dxc4 4. Bg2 Bd7 5. Bxb7 Bc6 6. Bxa8 Bxh1 7. Bxh1 Qd7 8. Nf3 Nc6 9. Ne5 Nxe5 10. dxe5 Qxd1+ 11. Kxd1 Ng4 12. Be3 Nxe3+ 13. fxe3 e6 14. Bc6+ Kd8 15. Nd2 Bc5 16. Nxc4 Ke7 17. Kc2 Rd8 18. a3 Kf8 19. b4 Be7 20. Nd2 Bg5 21. Nc4 Be7 22. h4 h6 23. Na5 g5 24. Nb7 Rb8 25. Kd3 gxh4 26. gxh4 Bxh4 27. Nc5 Rd8+ 28. Ke4 Bg5 29. Rf1 Ke7 30. Nb7 Rd2 31. Bb5 Rc2 32. Rd1 c6 33. Ba6 Rc3 34. Rd3 Rc1 35. Nc5 Kf8 36. Nd7+ Kg7 37. Kf3 Be7 38. Rd4 Rf1+ 39. Kg2 Ra1 40. Rd3 Bxb4 41. Rd4 Be7 42. Rg4+ Bg5 43. a4 Kh8 44. Nf6 Rc1 45. Rd4 Kg7 46. Ne8+ Kf8 47. Nd6 Bxe3 48. Rd3 Bb6 49. Rf3 Rg1+ 50. Kh3 Rg7 51. Bb7 Bd4 52. Nc4 c5 53. e3 Bc3 54. Bc8 Ke7 55. Kh4 Rg5 56. e4 Bxe5 57. Na5 Ke8 58. Nc6 c4 59. Nxe5 Rxe5 60. Bb7 Kd7 61. Rxf7+ Kd6 62. Ba8 Rc5 63. Rf2 Rc8 64. Bb7 Rc7 65. Ba6 Ke5 66. Re2 Kd4 67. Kh5 c3 68. Rc2 e5 69. Bb5 Kxe4 70. Kxh6 Kd4 71. Kg5 e4 72. Kf4 Rf7+ 73. Kg3 Rf3+ 74. Kg2 Rd3 75. Kf2 e3+ 76. Ke2 Rd2+ 77. Rxd2+ cxd2 78. Kd1 Kc3 79. Bc6 e2+ 0-1